Statistics for NBA Basketball Nicknames Quiz #1

Click here to take the quiz!

General Stats

  • This quiz has been taken 89,386 times
    (27,613 since last reset)
  • The average score is 15 of 24

Answer Stats

Nickname Player % Correct
The Black MambaKobe Bryant
97%
Splash BrothersStephen Curry
87%
The BeardJames Harden
86%
Splash BrothersKlay Thompson
84%
The Greek FreakGiannis Antetokounmpo
84%
The BrowAnthony Davis
81%
The MailmanKarl Malone
81%
The AnswerAllen Iverson
78%
Big BabyGlen Davis
77%
The DreamHakeem Olajuwon
70%
The TruthPaul Pierce
70%
The GloveGary Payton
59%
White ChocolateJason Williams
59%
The Big FundamentalTim Duncan
59%
The AdmiralDavid Robinson
58%
The Big TicketKevin Garnett
57%
The WormDennis Rodman
51%
The BirdmanChris Andersen
49%
The Human Highlight FilmDominique Wilkins
42%
AK47Andrei Kirilenko
42%
The IcemanGeorge Gervin
41%
Big Shot BobRobert Horry
37%
GrandmamaLarry Johnson
33%
The MatrixShawn Marion
25%

Score Distribution

Percentile by Number Answered

Percent of People with Each Score

Your Score History

You have not taken this quiz since the last reset